[Event "Reunion op 07th"]
[Site "Reunion"]
[Date "2004.10.16"]
[Round "9"]
[White "Dupuy, Sara"]
[Black "Dijoux, Neslie"]
[Result "0-1"]
[WhiteElo "1199"]
[BlackElo "1280"]
[PlyCount "47"]
[EventDate "2004.10.09"]
[EventType "swiss"]
[EventRounds "9"]
[EventCountry "RUF"]
[SourceTitle "CBM 102 Extra"]
[Source "ChessBase"]
[SourceDate "2004.11.03"]
[SourceVersion "1"]
[SourceVersionDate "2004.11.03"]
[SourceQuality "1"]

1. e4 e5 2. Nf3 Nc6 3. Nc3 Nf6 4. d4 Bb4 5. Bg5 exd4 6. Nxd4 Qe7 7. Bd3 Nxd4 8. 0-0 0-0 9. Nd5 Qe5 10. Bxf6 gxf6 11. c3 Bd6 12. g3 Ne6 13. Qg4+ Qg5 14. Qf3 Be5 15. g4 Qg7 16. Be2 c6 17. Ne7+ Kh8 18. Qh3 Nf4 19. Qf3 Nxe2+ 20. Qxe2 d6 21. Nxc8 Raxc8 22. a4 Rg8 23. Kh1 Qh6 24. a5 0-1

[Event "Reunion op 07th"]
[Site "Reunion"]
[Date "2004.10.14"]
[Round "6"]
[White "Dupuy, Sara"]
[Black "Lauret, Alexandra"]
[Result "0-1"]
[WhiteElo "1199"]
[BlackElo "1470"]
[PlyCount "90"]
[EventDate "2004.10.09"]
[EventType "swiss"]
[EventRounds "9"]
[EventCountry "RUF"]
[SourceTitle "CBM 102 Extra"]
[Source "ChessBase"]
[SourceDate "2004.11.03"]
[SourceVersion "1"]
[SourceVersionDate "2004.11.03"]
[SourceQuality "1"]

1. e4 e5 2. Nf3 Nc6 3. Bb5 d6 4. Nc3 Bd7 5. d4 exd4 6. Nxd4 Nxd4 7. Qxd4 c6 8. Bc4 Qe7 9. 0-0 Nf6 10. Bg5 h6 11. Bf4 g6 12. Bxd6 Qxd6 13. Qe3 Ng4 14. Qg3 Qxg3 15. fxg3 Ne3 16. Bxf7+ Ke7 17. Rf3 Nxc2 18. Rc1 Nd4 19. Rf2 Be8 20. Bc4 Rd8 21. e5 Bg7 22. Re1 Rf8 23. Rxf8 Kxf8 24. e6 Ke7 25. a4 Rd6 26. Ne4 Rd8 27. Nc5 b6 28. Nb3 Nxb3 29. Bxb3 Bxb2 30. Re2 Bd4+ 31. Kh1 c5 32. h3 Bc6 33. Re1 Bd5 34. Rb1 Bxb3 35. Rxb3 Kxe6 36. Rb1 c4 37. Re1+ Kf7 38. Rf1+ Bf6 39. Rc1 c3 40. h4 Rc8 41. g4 c2 42. g5 hxg5 43. hxg5 Bxg5 44. Rf1+ Kg7 45. Kh2 c1Q 0-1

[Event "Reunion op 07th"]
[Site "Reunion"]
[Date "2004.10.10"]
[Round "2"]
[White "Payet, Fabrice"]
[Black "Dupuy, Sara"]
[Result "1-0"]
[WhiteElo "1490"]
[BlackElo "1199"]
[PlyCount "67"]
[EventDate "2004.10.09"]
[EventType "swiss"]
[EventRounds "9"]
[EventCountry "RUF"]
[SourceTitle "CBM 102 Extra"]
[Source "ChessBase"]
[SourceDate "2004.11.03"]
[SourceVersion "1"]
[SourceVersionDate "2004.11.03"]
[SourceQuality "1"]

1. e4 e5 2. Nf3 Nc6 3. Bb5 d6 4. 0-0 Nf6 5. Re1 Be7 6. c3 0-0 7. h3 a6 8. Ba4 b5 9. Bc2 Be6 10. d4 Na5 11. dxe5 Nd7 12. exd6 Bxd6 13. Qd3 Bc4 14. Qe3 Bc5 15. Qg5 Be7 16. Qg3 Nf6 17. e5 Bc5 18. exf6 Qxf6 19. Qh4 Bxf2+ 20. Qxf2 g6 21. Bg5 Qd6 22. Be7 Qb6 23. Qxb6 cxb6 24. Bxf8 Rxf8 25. Nbd2 Nb7 26. Nxc4 bxc4 27. Rad1 Nd8 28. Re7 Ne6 29. Rdd7 Nd8 30. Ng5 h6 31. Ne4 f5 32. Rg7+ Kh8 33. Rh7+ Kg8 34. Rdg7# 1-0